LEADER 01300nam a2200289 a 4500 001 000000166870 003 CaOOAMICUS 005 20180327105330.0 008 180327s1969 it c u000 u ita r 032 $aLibriCat 040 $aPUL$bita 041 1 $aita$heng 100 1 $aLawrence, David Herbert,$d1885-1930.$0(OLS)http://pul/name/107429 240 14$aThe plumed serpent.$lItaliano.$0(OLS)http://pul/title/206647 245 13$aIl serpente piumato /$ctraduzione di Elio Vittorini ; con una cronologia della vita dell'autore e dei suoi tempi, una nota introduttiva, una antologia critica e una bibliografia a cura di Piero Nardi. 260 $aMilano :$bA. Mondadori,$c1969. 300 $a562 p. :$britr. ;$c19 cm. 490 1 $aGli Oscar ;$v192 700 1 $aVittorini, Elio,$d1908-1966.$0(OLS)http://pul/name/35470 700 1 $aNardi, Piero,$d1891-1966.$0(OLS)http://pul/name/56344 830 0$aOscar Mondadori ;$v192.$0(OLS)http://pul/title/18338 850 $aPUL 852 $aPUL$W1$xDP1 Fondo Dalla Palma$y117$m1 B 89$j151347$qFondi$B194383$CPULBib$Z2$F194383 $HDal583 $81 941 1 $a1 996 $6245$aIl serpente piumato$9(OLS)http://pul/title/206648 996 $6260$aMilano :$bA. Mondadori$9(OLS)http://pul/publisher/48249 LEADER 00912nam a2200217 u 4500 001 000000111467 003 CaOOAMICUS 005 20080506145926.0 008 080506s1998 it u000 u ita u 040 $aPUL$bita$dLDB 100 1 $aCapomaccio, Cosma,$csac.,$d1936-$0(OLS)http://pul/name/68474 245 10$aArte liturgica :$bl'arte che celebra il mistero /$cCosma Capomaccio. 260 $a[Ferrara] :$bGabriele Corbo,$c1998. 300 $a83 p. ;$c24 cm. 504 $aBibliografia : p. [11]-13. 650 4$aArte sacra.$0(OLS)http://pul/subject/9724 850 $aPUL 852 $aPUL$W1$xSL Cons. Gen., Altre Classi 3$y75$m726. 6 CAPCO 1$j127775$qDDC 21$B126480$CPULBib$Z2$F126480 $H107288 $82 941 1 $a9 996 $6245$aArte liturgica :$bl'arte che celebra il mistero$9(OLS)http://pul/title/140184 996 $6260$a[Ferrara] :$bGabriele Corbo$9(OLS)http://pul/publisher/79890